LEADER 01355nam a2200325 u 4500 001 000000025416 003 CaOOAMICUS 005 20090619084824.0 008 950825s1972 it u000 u ita u 035 $a10653842 040 $aPUL$bita 100 0 $aPetrus Damianus,$cs.,$d1007-1072.$0(OLS)http://pul/name/19 245 10$aContestazione preghiere lacrime /$cSan Pier Damiano ; Prefazione di padre Anselmo Giabbani. 260 $aBrescia :$bMorcelliana,$c1972. 300 $a141 p. ;$c22 cm 504 $aBibliografia in nota 600 04$aPetrus Damianus,$cs.,$d1007-1072.$0(OLS)http://pul/subject/3146 850 $aPUL 852 $aPUL$W1$xDP1 Fondo Maccarrone$y58$m1500 E 16$j35539$nBK-PRI$qFondi$B35539$CPULBib$Z2$F35539 $H00168 $82 900 $aPier Damiani,$cs.,$d1007-1072$919 900 $aDamianus Petrus,$cs.,$d1007-1072$919 900 $aPietro Damiani,$cs.,$d1007-1072$919 900 $aDamiani, Pietro,$cs.,$d1007-1072$919 941 1 $a1 960 $aPier Damiani,$cs.,$d1007-1072$93146 960 $aPietro Damiani,$cs.,$d1007-1072$93146 960 $aDamiani, Pietro,$cs.,$d1007-1072$93146 961 $aINV: 00168 Fondo Mons. M. Maccarrone 996 $6245$aContestazione preghiere lacrime$9(OLS)http://pul/title/35010 996 $6260$aBrescia :$bMorcelliana$9(OLS)http://pul/publisher/47854 LEADER 00827nam a2200217 u 4500 001 000000064053 003 CaOOAMICUS 005 20070226121320.0 008 011113s1924 fr u000 u fre u 035 $a10909648 040 $aPUL(R)$bita 100 1 $aDelbos, Victor,$d1862-1916.$0(OLS)http://pul/name/43347 245 10$aEtude de la philosophie de Malebrenche /$cVictor Delbos. 260 $aParis :$bBloud,$c1924. 300 $a340 p. ;$c22 cm 600 14$aMalebranche, Nicolas,$cC.Or.,$d1638-1715.$0(OLS)http://pul/subject/7303 850 $aPUL 852 $aPUL$W1$xDP2 Filosofia 1$y62$m83 C 33$j83087$nBK-PRI$b $qStampati$B83087$CPULBib$Z2$F83087 $81 941 1 $a8 996 $6245$aEtude de la philosophie de Malebrenche$9(OLS)http://pul/title/85373 996 $6260$aParis :$bBloud$9(OLS)http://pul/publisher/52401